Stavebniny

Salvato in:
Dettagli Bibliografici
Autori principali: Ďurkovič, Milan (Autore), Bezák, Ján (Autore), Jesenáková, Viera (Autore)
Natura: Libro
Lingua:slovacco
Pubblicazione: Bratislava : SVŠT v Bratislave, 1982
Tags: Aggiungi Tag
Nessun Tag, puoi essere il primo ad aggiungerne!!

MARC

LEADER 00000nam a22000003a 4500
001 stu87263
005 20150617225629.9
008 040528s1982----cs------------------slo-d
040 |a STU  |b slo 
041 0 |a slo 
044 |a cs 
080 |a 691(075.8) 
100 1 |a Ďurkovič, Milan  |4 aut 
245 1 |a Stavebniny 
260 |a Bratislava :  |b SVŠT v Bratislave,  |c 1982 
300 |a 360 s 
700 1 |a Bezák, Ján  |4 aut 
700 1 |a Jesenáková, Viera  |4 aut 
996 |b 284V024257  |c V*29396/S-88  |l VVS  |s A  |a 24  |w stu87263_0001 
996 |b 284V023568  |c V*23195/O-9238  |l VVT  |s A  |a 24  |w stu87263_0002